Estatísticas para Bandeiras pelo mundo

Clique aqui para jogar o quiz

Estatísticas Gerais

  • Esse quiz foi jogado 105 vezes
  • A pontuação média é 174 de 267

Estatísticas das Respostas

Resposta% Correto
Estados Unidos
100%
Canadá
99%
Japão
99%
Alemanha
97%
Argentina
97%
Austrália
97%
Bélgica
97%
Brasil
97%
Turquia
97%
Uruguai
97%
Coreia do Sul
96%
Reino Unido
96%
China
94%
Croácia
94%
Espanha
94%
França
94%
Grécia
94%
Inglaterra
94%
Irã
94%
Israel
94%
Itália
94%
Portugal
94%
Ucrânia
94%
Chile
93%
Colômbia
93%
Índia
93%
Jamaica
93%
Marrocos
93%
México
93%
Nova Zelândia
93%
País de Gales
93%
Suíça
93%
Venezuela
93%
Egito
91%
Equador
91%
Paraguai
91%
Catar
90%
Rússia
90%
Senegal
90%
África do Sul
89%
Arábia Saudita
89%
Dinamarca
89%
Finlândia
89%
Nigéria
89%
Países Baixos
89%
Peru
89%
Polônia
89%
Tunísia
89%
Irlanda
87%
Noruega
87%
Sérvia
87%
Suécia
87%
Vietnã
87%
Cuba
86%
Islândia
86%
Nepal
86%
Panamá
86%
República Tcheca
86%
Camarões
84%
Eslováquia
84%
Eslovênia
84%
Coreia do Norte
83%
Gana
83%
República Dominicana
83%
Albânia
81%
Argélia
81%
Bósnia-Herzegovina
81%
Costa do Marfim
81%
Honduras
81%
Líbano
81%
Luxemburgo
81%
Nicarágua
81%
Romênia
81%
Síria
81%
Vaticano
81%
Angola
80%
Chipre
80%
Escócia
80%
Hungria
80%
Iraque
80%
Macedônia do Norte
80%
Andorra
79%
Bulgária
79%
Indonésia
79%
Paquistão
79%
Quênia
79%
Geórgia
77%
Malásia
77%
Mônaco
77%
Sri Lanka
77%
Tailândia
77%
Áustria
76%
Bangladexe
76%
Barbados
76%
Butão
76%
Costa Rica
76%
El Salvador
76%
Estônia
76%
Belarus
74%
Camboja
74%
Moçambique
74%
Papua Nova Guiné
74%
San Marino
74%
Seicheles
74%
Suriname
74%
Barém
73%
Cazaquistão
73%
Filipinas
73%
Haiti
73%
Iêmen
73%
Kosovo
73%
Mongólia
73%
Taiwan
73%
Afeganistão
71%
Bolívia
71%
Cingapura
71%
Emirados Árabes Unidos
71%
Estados Federados da Micronésia
71%
Guatemala
71%
Liechtenstein
71%
Moldávia
71%
Palau
71%
Quirguistão
71%
Uganda
71%
Cabo Verde
70%
Chade
70%
Etiópia
70%
Laos
70%
Letônia
70%
Libéria
70%
Lituânia
70%
Madagascar
70%
Malta
70%
Montenegro
70%
Níger
70%
Zâmbia
70%
Azerbaijão
69%
Bahamas
69%
Guiana
69%
Kuwait
69%
Santa Lúcia
69%
Trindade e Tobago
69%
Botsuana
67%
Burundi
67%
Essuatíni
67%
Jordânia
67%
República Centro-Africana
67%
República Democrática do Congo
67%
Somália
67%
Armênia
66%
Belize
66%
Hong Kong
66%
Lesoto
66%
Omã
66%
Serra Leoa
66%
Tanzânia
66%
Tonga
66%
Uzbequistão
66%
Zimbábue
66%
Antígua e Barbuda
64%
Brunei
64%
Dominica
64%
Malawi
64%
Maldivas
64%
Porto Rico
64%
Turcomenistão
64%
Burquina Fasso
63%
Djibuti
63%
Gabão
63%
Granada
63%
Guiné
63%
Ilhas Faroé
63%
Ilhas Marshall
63%
Líbia
63%
São Vicente e Granadinas
63%
Sudão
63%
Mauritânia
61%
Samoa
61%
Tajiquistão
61%
Timor-Leste
61%
Togo
61%
Mali
60%
Mianmar
60%
Namíbia
60%
Ruanda
60%
Comores
59%
Eritreia
59%
Guiné-Bissau
59%
Ilha de Man
59%
Nauru
59%
República do Congo
59%
Sudão do Sul
59%
Benim
57%
Estado da Palestina
57%
Groenlândia
57%
Guiné Equatorial
57%
Maurício
57%
São Cristóvão e Névis
57%
Gâmbia
56%
Gibraltar
56%
Ilhas Salomão
56%
Kiribati
56%
Tuvalu
56%
Vanuatu
56%
Maiote
54%
Fiji
53%
Guam
53%
Ilhas Virgens Americanas
53%
São Tomé e Príncipe
53%
Macau
49%
Samoa Americana
49%
Antártida
44%
Aruba
44%
Guiana Francesa
44%
Ilhas Cook
44%
Ilhas Virgens Britânicas
43%
Irlanda do Norte
43%
Polinésia Francesa
43%
Jersey
40%
Nova Caledônia
40%
Saara Ocidental
40%
Curaçao
39%
Ilhas Malvinas
39%
Ilha Wake
39%
Anguila
37%
Atol Johnston
37%
Ilhas Cocos
37%
Chipre do Norte
34%
Montserrat
34%
Toquelau
34%
Niue
33%
Guernsey
31%
Ilha do Natal
31%
Ilhas Turcas e Caicos
31%
Martinica
31%
Abecásia
30%
Bermudas
30%
Ilha de Páscoa
30%
Ilha Norfolk
30%
Ilhas Marianas Setentrionais
30%
Transnístria
30%
Guadalupe
29%
Ilhas Alanda
29%
Ilhas Caimã
27%
Santa Helena
26%
Bonaire
24%
Ilhas Geórgia do Sul e Sandwich do Sul
24%
Ilhas Picárnia
24%
Território Britânico do Oceano Índico
24%
Artsaque
23%
Reunião
23%
Somalilândia
23%
Wallis e Futuna
20%
Ossétia do Sul
19%
São Martinho Neerlandês
19%
São Pedro e Miquelão
19%
Terras Austrais e Antárticas Francesas
19%
São Bartolomeu
17%
Saba
14%
Santo André, Providência e Santa Catarina
13%
Santo Eustáquio
13%
Atol Midway
11%
São Martinho Francês
11%
Arquipélago Juan Fernández
9%
Dependências Federais da Venezuela
9%
Ilha Navassa
9%
Atol Palmira
7%

Distribuição das Pontuações

Percentil de Números Respondidos

Porcentagem de Pessoas com Cada Pontuação

Sua Pontuação Histórica

Você não jogou esse quiz